ELECTRICAL DRIVES (Record no. 8221)

MARC details
000 -LEADER
fixed length control field 00535nam a22001577a 4500
003 - CONTROL NUMBER IDENTIFIER
control field SGT
020 ## - INTERNATIONAL STANDARD BOOK NUMBER
International Standard Book Number 9788120314924
082 ## - DEWEY DECIMAL CLASSIFICATION NUMBER
Classification number 621.3
Item number SEN
100 ## - MAIN ENTRY--PERSONAL NAME
Personal name DE,N.K
245 ## - TITLE STATEMENT
Title ELECTRICAL DRIVES
260 ## - PUBLICATION, DISTRIBUTION, ETC. (IMPRINT)
Place of publication, distribution, etc NEW DELHI
Name of publisher, distributor, etc PHI
Year of Publication 2014
300 ## - PAGE DESCRIPTION
No. of Pages 314
650 ## - SUBJECT ADDED ENTRY--TOPICAL TERM
Topical term or geographic name as entry element ELECTRICAL ENGINEERING
653 ## - KEYWORDS--INDEX TERM
Keyword term SPEED-TORQUE CHARACTERISTICS OF MOTORS, SPEED CONTROL OF DC MOTORS,SPEED CONTROL OF AC MOTORS HEATING AND POWER PATING OF DRIVE MOTORS, TRANSIENTS AND DYNAMICS,MOTOR STARTERS AND CONTROLLERS, INDUSTRIAL APPLICATIONS
942 ## - ADDED ENTRY ELEMENTS (KOHA)
Source of classification or shelving scheme Dewey Decimal Classification
Koha item type Books
Holdings
Withdrawn status Lost status Source of classification or shelving scheme Damaged status Use restrictions Not for loan Collection code Home library Current library Shelving location Date acquired Vendor Name Cost, normal purchase price SGTU Full call number Accession No. (Barcode) Date last seen Bill Date Koha item type
    Dewey Decimal Classification   Restricted Access Not For Loan ENGINEERING SGT Engineering Library SGT Engineering Library Reference Book 11/01/2016 GIFTED 250.00 SGTU 621.3 SEN FE6490 11/01/2016 11/01/2016 Books